Copyright law : a practitioner's guide /

Bibliographic Details
Main Author: Henn, Harry G.
Format: Book
Language:English
Published: New York, N.Y. : Practising Law Institute, 1988.
Edition:2nd ed.
Subjects:

MARC

Tag First Indicator Second Indicator Subfields
LEADER 00000cam a2200000 a 4500
001 in00000025732
005 20151007054443.0
008 880317s1988 nyu 00110 eng d
010 |a  87063438  
035 |a (OCoLC)17642931 
035 |9 AAB5113AM 
040 |a ONL  |c ONL  |d TXA  |d UtOrBLW 
043 |a n-us--- 
049 |a TXAV  |c [A11530968] 
050 4 |a KF2994  |b .H38 1988 
100 1 |a Henn, Harry G. 
245 1 0 |a Copyright law :  |b a practitioner's guide /  |c Harry G. Henn. 
250 |a 2nd ed. 
264 1 |a New York, N.Y. :  |b Practising Law Institute,  |c 1988. 
300 |a xxix, 844 pages ;  |c 24 cm. 
336 |a text  |b txt  |2 rdacontent 
337 |a unmediated  |b n  |2 rdamedia 
338 |a volume  |b nc  |2 rdacarrier 
500 |a Revision of: Copyright primer. 
504 |a Bibliography: pages 771-789. 
500 |a Includes index. 
500 |a "Gl-1006." 
650 0 |a Copyright  |z United States. 
999 |a MARS 
999 f f |s dd3f5f11-abf8-3d56-9689-e1659fdee940  |i 1f90249a-b1cd-3d27-a86d-6d366528fcb0  |t 0 
952 f f |p ric  |a Texas A&M University  |b Rellis Campus  |c Joint Library Facility  |d Remote Storage  |t 0  |e KF2994 .H38 1988  |h Library of Congress classification  |i unmediated -- volume  |m A14811530968 
998 f f |a KF2994 .H38 1988  |t 0  |l Remote Storage